Σχεδιασμός, Οργάνωση, Εφαρμογή και Αξιολόγηση Προγραμμάτων Επαγγελματικής Κατάρτισης / Μεθοδολογικές Αρχές και Κριτήρια Ποιότητας (Record no. 2383)
[ view plain ]
| 000 -LEADER | |
|---|---|
| fixed length control field | 01913cam a22002054a 4500 |
| 005 - ΗΜΕΡΟΜΗΝΙΑ ΚΑΙ ΩΡΑ ΤΕΛΕΥΤΑΙΑΣ ΕΝΗΜΕΡΩΣΗΣ | |
| Πεδίο ελέγχου | 20250605164039.0 |
| 008 - FIXED-LENGTH DATA ELEMENTS--GENERAL INFORMATION | |
| Πεδίο ελέγχου σταθερού μήκους | 250528s ||||||||||||||||||||||||d |
| 035 ## - SYSTEM CONTROL NUMBER | |
| System control number | 16939 |
| 020 ## - ISBN | |
| ISBN | 9603750484 |
| 040 ## - ΠΗΓΗ ΚΑΤΑΛΟΓΟΓΡΑΦΗΣΗΣ | |
| Φορέας πρωτότυπης καταλογογράφησης | MC Athens Campus Library |
| Γλώσσα καταλογογράφησης | Ελληνικά, Μοντέρνα (1453-) |
| Modifying agency | MC Athens Campus Library |
| Κανόνες περιγραφικής καταλογογράφησης | AACR2 |
| 245 1# - ΤΙΤΛΟΣ ΚΑΙ ΔΗΛΩΣΗ ΥΠΕΥΘΥΝΟΤΗΤΑΣ | |
| Τίτλος | Σχεδιασμός, Οργάνωση, Εφαρμογή και Αξιολόγηση Προγραμμάτων Επαγγελματικής Κατάρτισης / Μεθοδολογικές Αρχές και Κριτήρια Ποιότητας |
| 250 ## - EDITION STATEMENT | |
| Edition statement | 1η |
| 260 ## - PUBLICATION, DISTRIBUTION, ETC. | |
| Name of publisher, distributor, etc. | Μεταίχμιο, |
| Date of publication, distribution, etc. | 2000 |
| 300 ## - PHYSICAL DESCRIPTION | |
| Extent | 120 |
| 520 ## - SUMMARY, ETC. | |
| Summary, etc. | Το βιβλίο αυτό αποτελεί έναν οδηγό ελέγχου και διασφάλισης της ποιότητας ενός προγράμματος επαγγελματικής κατάρτισης. Προλεγόμενα, Μεθοδολογικό Πλαίσιο Ανάλυσης των Δραστηριοτήτων Σχεδιασμού και Οργάνωσης και Εφαρμογής και Αξιολόγησης των Προγραμμάτων Κατάρτισης, Δραστηριότητες Σχεδιασμού Ενός Προγράμματος Κατάρτισης, Δραστηριότητες Οργάνωσης Ενός Προγράμματος Κατάρτισης, Δραστηριότητες Εφαρμογής Ενός Προγράμματος Κατάρτισης, Δραστηριότητες Αξιολόγησης Ενός Προγράμματος Κατάρτισης, Τεκμηρίωση των Στοιχείων και Απολογισμός των Δραστηριοτήτων Σχεδιασμού και Ανάπτυξης και Εφαρμογής Ενός Προγράμματος Κατάρτισης, Επιλεγμένη Βιβλιογραφία. |
| 700 1# - ΠΡΟΣΘΕΤΗ ΑΝΑΓΡΑΦΗ--ΦΥΣΙΚΟ ΠΡΟΣΩΠΟ | |
| Personal name | Χασαπής Δημήτρης |
| 9 (RLIN) | 3036 |
| 942 ## - ADDED ENTRY ELEMENTS (KOHA) | |
| Koha item type | Books |
| Τύπος τεκμηρίου | Βιβλιοθήκη | Τρέχουσα τοποθεσία | Barcode | Αριθμός εισαγωγής | Ημερομηνία απόκτησης | Ταξιθετικό σύμβολο | Αριθμός αντιτύπου | Κατάσταση απόσυρσης | Κατάσταση χαμένου | Κατάσταση κατεστραμμένου | Μη δανεισμός | Σύνολο δανεισμών | Ημερομηνία τελευταίας εμφάνισης | Η τιμή ισχύει από |
|---|---|---|---|---|---|---|---|---|---|---|---|---|---|---|
| Books | MC Athens Campus Library | MC Athens Campus Library | 9780000023827 | 5603 | 05/06/2025 | 658.3 HAS | 1 | 05/06/2025 | 05/06/2025 |